| 000 | 00807cam a22002291 4500 | ||
|---|---|---|---|
| 001 | l 48000061 | ||
| 003 | DLC | ||
| 005 | 20260227111540.0 | ||
| 008 | 770317s1948 dcu f000 0 eng c | ||
| 010 | _al 48000061 //r92 | ||
| 040 |
_aU.S. Dept. of Labor. Library _cAk _dDLC |
||
| 043 | _an-us-ak | ||
| 050 | 0 | 0 |
_aHD6993.A4 _bA55 |
| 082 | 0 | 0 | _a331.831 |
| 110 | 1 | 0 |
_aUnited States. _bBureau of Labor Statistics. |
| 245 | 1 | 0 |
_aIncome and living costs in Alaska in 1943-1945, _bincluding a report of housing characteristics of privately-financed dwellings in Juneau, Fairbanks, and Anchorage, _cby Pauline B. Paro. |
| 260 | 1 |
_a[Washington] _c1948. |
|
| 300 |
_axii p., 112 l. _c27 cm. |
||
| 650 | 0 |
_aCost and standard of living _zAlaska. |
|
| 650 | 0 |
_aHousing _zAlaska. |
|
| 700 | 1 | 0 | _aParo, Pauline Beatrice. |
| 999 |
_c36611 _d36611 |
||